Statistics for Cities With Over 1M Population That Do Not Contain Any Letters In Its Countries Name

Click here to take the quiz!

General Stats

  • This quiz has been taken 48 times
    (32 since last reset)
  • The average score is 3 of 7

Answer Stats

PopAnswer% Correct
33millTokyo
85%
12.2millCairo
50%
2.5millRome
38%
7millLima
31%
11millKyoto
23%
3.5millGuadalajara
12%
1.5millKobe
12%

Score Distribution

Percentile by Number Answered

Percent of People with Each Score

Your Score History

You have not taken this quiz since the last reset